00667nam a22001817a 450000500170000001000150001702000260003203500140005803700130007208200120008510000220009724501060011926000590022527001400028430000240042470000180044870000190046620220623170909.0 aENG-133363 a9789390168361c549.00 aEN-116895 bDBAD/PUB a330.954 aSrirangam, Sriram aIndian Economy:bPrinciples, Policies and Progress/cSriRam Srirangam, Manish Kumar and Rohit Deo jha aNoidabPearson India Education Services Pvt. Ltdc2021 a15th Floor, Tower-b, World Trade Tower, Plot No. 1, Block-C, Sector 16bNoidae201301mcompanysecretary.india@pearson.coml044-66540100 axix, vp.c23cm(pbk) aKumar, Manish aJha, Rohit Deo